000 01450 a2200229 4500
003 Nust
005 20221122105346.0
010 _a 81082747
020 _a0675098874
040 _cNust
082 0 0 _a621.381,TOC
100 1 _aTocci, Ronald J.
_966452
245 1 0 _aFundamentals of Electronic Devices /
_cRonald J. Tocci.
250 _a4th ed.
260 _aColumbus, Ohio :
_bMerrill,
_cc1982.
300 _axiii, 561 p. :
_bill. ;
_c26 cm.
440 0 _aMerrill's international series in electrical and electronics technology
_9103325
505 _aBasic Atomic Theory (Page-1), Basics of Current Flow (Page-15), General Device Analysis (Page-22), Semiconductor Principles (Page-34), The P-N Junction (Page-52), Zener Diodes and Special Diodes (Page-97), Diode Circuits Examples (Page-128), Optoelectronic Devices (Page-153), Bipolar Transistors (Page-185), More on the Bipolar Transistor (Page-251), Transistor Amplifiers Principles (Page-293), The Common-Emitter Amplifiers (Page-315), Other Transistor Amplifiers (Page-352), Junction Field – Effect Transistors (Page-398), Mosfets and application of Fets (Page-443), Introduction to Integrated Circuits (Page-470), op – Amps and Application (Page-484), Industrial Devices (Page-524), Industrial Devices : Unijunstion Transistors and other Devices (Page-575).
650 0 _aElectronic apparatus and appliances.
_910193
650 0 _aTelecommunication Engineering
942 _2ddc
_cBK
999 _c181611
_d181611